| 000 | 00609nam a2200217 4500 | ||
|---|---|---|---|
| 001 | 121292 | ||
| 003 | ES-MaACL | ||
| 005 | 20230906191727.0 | ||
| 007 | t| | ||
| 008 | 070214s1946 sp r ||||1| spa d | ||
| 100 | 1 |
_aPriestley, J. B. _993870 |
|
| 245 | 1 | 3 |
_aEl callejón del angel / _cJ. B. Priestley ; versión española de A. P. Lawrence. |
| 250 | _a1ª ed. | ||
| 260 |
_aBarcelona : _bLuis de Caralt, _c1946. |
||
| 300 |
_a516 p. ; _c21 cm. |
||
| 490 | 1 | _aGigante | |
| 700 | 1 |
_aLawrence, A. P. _970740 |
|
| 830 | 0 |
_aGigante _9181050 |
|
| 852 |
_aES-MaACL _jF-5231 _bR.27170 |
||
| 999 |
_c121292 _d121292 |
||